University Home | Library Home | Institutional Repository

Resonance in organic chemistry. (Record no. 101414)

MARC details
000 -LEADER
fixed length control field 00828cam9a220024100 4500
001 - CONTROL NUMBER
control field tmp15374582
003 - CONTROL NUMBER IDENTIFIER
control field UPRA
005 - DATE AND TIME OF LATEST TRANSACTION
control field 20190819100813.0
008 - FIXED-LENGTH DATA ELEMENTS--GENERAL INFORMATION
fixed length control field 950801s1961 nyu eng u
035 ## - SYSTEM CONTROL NUMBER
System control number (Sirsi) r86998
035 ## - SYSTEM CONTROL NUMBER
System control number (UPRA)tmp15374582
040 ## - CATALOGING SOURCE
Transcribing agency UPRA
100 1# - MAIN ENTRY--PERSONAL NAME
Personal name Wheland, George Willard, 1907-
Dates associated with a name Wheland, George Willard, 1907-
Linkage A46397.1
245 10 - TITLE STATEMENT
Title Resonance in organic chemistry.
260 ## - PUBLICATION, DISTRIBUTION, ETC.
Place of publication, distribution, etc. New York :
Name of publisher, distributor, etc. Wiley,
Date of publication, distribution, etc. [1961]
500 ## - GENERAL NOTE
General note First published in 1955.
500 ## - GENERAL NOTE
General note A revision and expansion of the author's The theory of resonance and its application to organic chemistry.
650 #0 - SUBJECT ADDED ENTRY--TOPICAL TERM
Topical term or geographic name entry element Mesomerism.
Linkage S35754.1
650 #0 - SUBJECT ADDED ENTRY--TOPICAL TERM
Topical term or geographic name entry element Chemistry, Physical and theoretical.
Linkage S517.1
650 #0 - SUBJECT ADDED ENTRY--TOPICAL TERM
Topical term or geographic name entry element Chemistry, Organic.
Linkage S95.2
949 ## - LOCAL PROCESSING INFORMATION (OCLC)
a QD471
w lcc
i -121145
m MAIN
t BOOK
l ON-SHELF

No items available.

© 2026 - The University of Zambia Library - Koha v25.11